| 000 | 00633nam a22002177a 4500 | ||
|---|---|---|---|
| 003 | UA-OsUOA | ||
| 001 | 101341 | ||
| 007 | ta | ||
| 008 | 20130613b un ||||| |||| 00| 0 ukr d | ||
| 090 |
_a031 _bД38 |
||
| 942 | _cBK | ||
| 040 |
_aUA-OsUOA _brus _cUA-OsUOA _dUA-OsUOA |
||
| 245 |
_aДетская энциклопедия _bдля среднего и старшего возраста _cЗа ред. Ивановича К. А. _n6 |
||
| 300 | _a501 с. | ||
| 955 | _a2 | ||
| 041 | _arus | ||
| 080 | _a031 | ||
| 260 |
_aМ. _bПросвещение _c1967 |
||
| 650 | 7 |
_a0 Загальний відділ. _2UDC |
|
| 999 |
_c387581 _d387581 |
||